MARC

LEADER 00000nam0a2200000 4500
001 369961
005 20231102012232.0
035 |a (RuTPU)RU\TPU\retro\27369 
090 |a 369961 
100 |a 20220614d1979 km y0rusy50 ca 
101 0 |a rus 
102 |a RU 
105 |a a z 001zy 
200 1 |a Геология и магнетизм западного обрамления Тихого океана  |f Академия наук СССР, Сахалинский комплексный научно-исследовательский институт ; отв. ред. В. М. Гранник 
210 |a Владивосток  |c Изд-во ДВНЦ АН СССР  |d 1979 
215 |a 110 с.  |c ил. 
320 |a Библиогр. в конце ст. 
606 1 |a Океаны  |x Геология  |2 stltpush  |3 (RuTPU)RU\TPU\subj\46871  |9 65964 
606 1 |a Магматизм  |2 stltpush  |3 (RuTPU)RU\TPU\subj\40702  |9 60544 
610 1 |a Тихий океан 
610 1 |a тектоника 
610 1 |a вулканизм 
610 1 |a геологическое строение 
610 1 |a история 
610 1 |a постмагматические процессы 
610 1 |a формационный анализ 
610 1 |a геологическое картографирование 
675 |a 551.35  |v 4 
675 |a 552.11  |v 4 
702 1 |a Гранник  |b В. М.  |4 340 
712 0 2 |a Академия наук СССР  |b Сахалинский комплексный научно-исследовательский институт  |c (Южно-Сахалинск)  |c (1955-1984)  |2 stltpush  |3 (RuTPU)RU\TPU\col\15708  |9 26239 
801 1 |a RU  |b 63413507  |c 20220614 
942 |c BK